Ziak - Akimbo - Statistiques

Statistiques générales
  • Ce quiz a été pris 94 fois
  • Le résultat moyen est 195 sur 421
Statistiques - réponses
Réponse % Correct
a
89%
à
89%
ma
88%
par
85%
de
83%
pardon
82%
peu
82%
Dieu
80%
il
80%
Il
80%
maman
80%
Parlons
80%
pas
80%
la
74%
La
74%
74%
l'a
74%
le
74%
ne
74%
Akimbo
72%
dangereux
71%
ton
68%
Ton
68%
n'est
66%
ai
65%
deux
65%
j'en
65%
ça
63%
C'est
63%
c'est
63%
gars
63%
les
60%
que
60%
des
58%
n'a
58%
ni
58%
tu
58%
Tu
58%
besoin
57%
ils
57%
Ils
57%
mon
57%
man
55%
va
54%
d'baveux
52%
fait
52%
vas
51%
d'fer
49%
eu
49%
miséreux
49%
on
49%
On
49%
qui
49%
un
49%
chez
48%
d'la
48%
(Glock)
48%
jalousie
48%
48%
rend
48%
lâche
46%
père
46%
p'tit
46%
veux
46%
du
45%
hommes
45%
j'vais
45%
queue
45%
si
45%
trop
45%
vie
45%
jeu
43%
juste
43%
lui
43%
vas-y
43%
au
42%
bandit
42%
dit
42%
emmerder
42%
igo
42%
J'ai
42%
n'abuse
42%
pieux
42%
toi
42%
ciel
40%
honte
40%
j'tenterre
40%
m'faire
40%
miskine
40%
pour
40%
gifle
38%
oi-t
38%
ont
38%
respect
38%
sol
38%
appelé
37%
fin
37%
manger
37%
m'ont
37%
perdre
37%
s'perd
37%
sur
37%
têtes
37%
t'feras
37%
gitane
35%
gifler
34%
L'ancien
34%
peut
34%
et
32%
spécialiste
32%
acheté
31%
défie
31%
avec
29%
eux
29%
l'sollicite
29%
Dans
28%
dans
28%
fête
28%
savent
28%
"sique"
28%
vraiment
28%
X
28%
cqu'on
26%
grande
26%
biff
25%
comme
25%
elle
25%
Elle
25%
fils
25%
finir
25%
lames
25%
p'tites
25%
tchi
25%
tous
25%
en
23%
quette
23%
yo
23%
Zidane
23%
came
22%
Beatz
20%
disques
20%
Focus
20%
l'improviste
20%
neuf
20%
petites
20%
pute
20%
rien
20%
cas
18%
foutre
18%
plexus
18%
Vise
18%
frappe
17%
j'vends
17%
t'es
17%
t'rendre
17%
visite
17%
criminel
15%
meures
15%
m'vital
15%
Profite
15%
son
15%
vives
15%
d'ton
14%
Gildan
14%
gues-sh
14%
Mais
14%
natures
14%
rentrera
14%
rue
14%
spliff
14%
dix
12%
gagnera
12%
j'ramène
12%
m'apprendre
12%
oi-m
12%
4
11%
bien
11%
version
11%
wish
11%
d'luxe
9%
fais
9%
goûts
9%
j'massure
9%
J'massure
9%
plus
9%
vu
9%
300
8%
avant
8%
cul
8%
dingueries
8%
films
8%
J'fais
8%
peux
8%
radio
8%
sortir
8%
alors
6%
bendo
6%
cafards
6%
donne
6%
glisser
6%
qu'elle
6%
respirent
6%
triche
6%
100
5%
d'stream
5%
j'enterre
5%
passe
5%
puce
5%
sans
5%
sauver
5%
bientôt
3%
Crypto
3%
niaks
3%
qu'ces
3%
cleptos
2%
feats
2%
J'suis
2%
l'ghetto
2%
Aucun quiz correspondant
Distribution des résultats
% des personnes avec chaque résultat
Percentile par nombre de réponses
Votre historique - résultats
Vous n’avez pas pris ce quiz